000 00318nam a22001217a 4500
040 _cNUST
082 _a297,AHM
100 _aAhmed, Ishtiaq
_989835
245 _aKholnak gazab / ھولناک عزاب (Urdu) /
_cIshtiaq Ahmed
260 _aLahore
_bDar-us-Salam
_c2006
300 _a24 p.;
942 _2ddc
_cBK
_k297,AHM
999 _c593310
_d593310